| 000 | 00927cam a2200253 a 4500 | ||
|---|---|---|---|
| 005 | 20131016052446.0 | ||
| 008 | 950630s1996 nyu b 001 0 eng | ||
| 020 | _a0195096606 | ||
| 020 | _a0195096614 | ||
| 041 | 0 | _aeng | |
| 080 | _a32 | ||
| 245 | 0 | 0 |
_aBecoming national : _cedited by Geoff Eley and Ronald Grigor Suny. |
| 260 |
_aNew York : _bOxford University Press, _c1996. |
||
| 300 |
_avi, 518 p. ; _c24 cm. |
||
| 504 | _aIncludes bibliographical references and index. | ||
| 650 | 0 | _aNacionalizmi | |
| 650 | 0 | _2Politika botërore | |
| 700 | 1 |
_aEley, Geoff, _d1949- |
|
| 700 | 1 | _aSuny, Ronald Grigor. | |
| 856 | 4 | 2 |
_3Book review (H-Net) _uhttp://www.h-net.org/review/hrev-a0a8r8-aa |
| 856 | 4 | 2 |
_3Publisher description _uhttp://www.loc.gov/catdir/enhancements/fy0603/95034438-d.html |
| 856 | 4 | 1 |
_3Table of contents only _uhttp://www.loc.gov/catdir/enhancements/fy0603/95034438-t.html |
| 942 |
_2udc _cBK |
||
| 999 |
_c121 _d121 |
||